000
00304nam a22001337a 4500
008
181102b xxu||||| |||| 00| 0 eng d
020
_a
9780205297719
041
_a
eng
080
_2
4 th
_a
315
100
_a
50
101
_a
SOC
245
_a
Social Research Methods
_c
Neuman.W.L
942
_2
udc
_c
BK
999
_c
51747
_d
51747